Nadace ke zřízení piaristické koleje v Mostě
| Titel: | Nadace ke zřízení piaristické koleje v Mostě |
|---|---|
| Verfasser: | |
| In: |
Porta Bohemica, Band 1 (2001), Seite 117-124 alle Artikel anzeigen |
| Veröffentlicht: | 2001 |
| Format: | Aufsatz |
| Sprache: | Tschechisch |
X
alg: 39307562 001A $01999:11-11-16 001B $06050:05-06-24 $t16:37:27.000 001D $01999:11-11-16 001U $0utf8 001X $00 002@ $0Aox 003@ $0393075621 007A $0393075621 $aHEB 007T $0Herdp22782 010@ $acze 011@ $a2001 021A $aNadace ke zřízení piaristické koleje v Mostě 028A $aMyšička $dMartin 031A $d1 $h117-124 $j2001 039B $aIn $8--Abvc--. Porta Bohemica. - Litoměřice : [Verlag nicht ermittelbar], 2001- $x200100000010000883 $9110372816 045T $aOST $qDE-12 $2FID lok: 39307562 78 exp: 39307562 78 1 #EPN 201B/01 $002-09-19 $t22:56:12.000 201U/01 $0utf8 203@/01 $0789185946 208@/01 $a11-11-16 $be 209A/01 $a/ $f000 $x00 220C/01 $aHerkunft: Hú Av Čr Praha 244Z/01 $#Tschechien $#Tschechische Republik $#Tschechische Republik $#Tschechenland $#Tschechei Tschechien $#Česká Republika $#Czech Republic $#ČR $74303381-7 $8--Tg1--Tschechien $x01 $9086659812 244Z/01 $2Trx $#Böhmen $#Bohemia $#Czechy $8--Trx--Čechy $x02 $9391188941 244Z/01 $71038249-5 $8--Tg1--Most$gStadt $x03 $9042099544 244Z/01 $2Trx $#ordud, vaimulikud $#vienuolijos $#monastic orders $#szerzetesrendek $#zakony $#rády cirkevné $#řády církevní $#zgromadzenia zakonne $#kongregácie - rádové $#kongregace řádové $8--Trx--Orden, geistliche $x04 $9391376004 244Z/01 $2Trx $#kooli olemus $#švietimas $#School system $#oktatás $#szkolnictwo $#školstvo $#školství $8--Trx--Schulwesen $x05 $9391362038 244Z/01 $2Trx $#sihtasutused ja fondid $#fondai $#Foundations and endowments $#alapítványok $#fundacje $#nadácie $#nadace $#Schenkungen $#donacje $8--Trx--Stiftungen $x06 $9391383329 244Z/01 $2Trx $#arhiivi olemus $#archyvistika $#archivistics $#levéltári dolog $#archiwistyka $#archívnictvo $#archivnictví $8--Trx--Archivwesen $x07 $939135406X 244Z/01 $2Trx $8--Trx--Zeitschriftenaufsatz $x08 $9391384341 247C/01 $82080>Marburg/Lahn, Herder-Institut, Forschungsbibliothek, Bibliographieportal $9336309341
| LEADER | 00000caa a22000002c 4500 | ||
|---|---|---|---|
| 001 | 393075621 | ||
| 003 | DE-603 | ||
| 005 | 20240605163727.0 | ||
| 007 | tu | ||
| 008 | 161111s2001 xx |||| | u00||u|cze c | ||
| 035 | |a (DE-599)HEB393075621 | ||
| 040 | |a DE-603 |b ger |c DE-603 |d DE-603 | ||
| 041 | |a cze | ||
| 084 | |a OST |q DE-12 |2 fid | ||
| 100 | 1 | |a Myšička, Martin | |
| 245 | 0 | 0 | |a Nadace ke zřízení piaristické koleje v Mostě |
| 264 | 0 | |c 2001 | |
| 773 | 0 | 8 | |i In |t Porta Bohemica |d Litoměřice : [Verlag nicht ermittelbar], 2001- |g Band 1 (2001), Seite 117-124 |w (DE-603)110372816 |w (DE-600)2104026-6 |
| 924 | 0 | |9 2080 |a (DE-603)789185946 |b DE-2080 |c HES |d d |g / | |


